000 00744nam a2200193 i 4500
001 bg
245 0 0 _aTraktat ustanawiający Wspólnotę Europejską :
_btekst skonsolidowany (uwzględniający zmiany wprowadzone Traktatem z Nicei) ; Traktat o Unii Europejskiej : tekst skonsolidowany (uwzględniający zmiany wprowadzone Traktatem z Nicei) /
_cUrząd Komitetu Integracji Europejskiej.
260 _aWarszawa :
_bUKIE,
_c2003.
300 _a175, [1] s. ;
_c21 cm.
650 9 _aTraktat o Unii Europejskiej
700 1 _aUrząd Komitetu Integracji Europejskiej,
020 _a8389218682
040 _cBPK
041 0 _apol
080 _a341.24(4-67)
920 _a83-89218-68-2
942 _cKS
008 s pl f |000 0 pol
999 _c43863
_d43863
856 _uhttp://koha.tu.koszalin.pl/cgi-bin/koha/opac-detail.pl?biblionumber=43863
_yKatalog online BPK